LEADER 00755nam0 22002771i 450 001 990002108460403321 005 20061006114116.0 035 $a000210846 035 $aFED01000210846 035 $a(Aleph)000210846FED01 035 $a000210846 100 $a20030910d1991----km-y0itay50------ba 101 0 $aeng 102 $aGB 200 1 $aModern Consumer Theory$fKelvin Lancaster 210 $aAdelshot$cEdward Elgar$d1991 215 $a242 p.$d23 cm 610 0 $aConsumo - ricchezza 700 1$aLancaster,$bKelvin$f<1924-2001>$056988 801 0$aIT$bUNINA$gRICA$2UNIMARC 901 $aBK 912 $a990002108460403321 952 $a62 339.4 LAN$bDEPA 7096$fDAGEA 959 $aDAGEA 996 $aModern Consumer Theory$9394457 997 $aUNINA LEADER 01064nam0 2200301 i 450 001 SUN0002740 005 20111028101336.32 010 $a88-14-04386-8 020 $aIT$b94 924 100 $a20020704e19931948 |0itac50 ba 101 $aita 102 $aIT 105 $a|||| ||||| 200 1 $aAccertamento convenzionale e confessione stragiudiziale$fCarlo Furno 205 $aRist. anast 210 $aMilano$cGiuffrè$d1993 215 $aXVIII, 279 p.$d25 cm. 606 $aNegozio di accertamento$2FI$3SUNC001982 606 $aConfessione stragiudiziale$2FI$3SUNC001983 620 $dMilano$3SUNL000284 676 $a347.45072$v21 700 1$aFurno$b, Carlo$3SUNV002832$0227400 712 $aGiuffrè$3SUNV001757$4650 801 $aIT$bSOL$c20181231$gRICA 912 $aSUN0002740 950 $aUFFICIO DI BIBLIOTECA DEL DIPARTIMENTO DI GIURISPRUDENZA$d00CONS XVI.Ec.1 $e00 111111128 20020704 996 $aAccertamento convenzionale e confessione stragiudiziale$9644752 997 $aUNICAMPANIA LEADER 00736nam0-2200265 --450 001 9910844696103321 005 20240418112243.0 100 $a20240418d1990----kmuy0itay5050 ba 101 0 $aeng 102 $aUS 105 $aa 001yy 200 1 $a1990 Medical and health annual 210 $aChicago$cEncyclopedia Britannica, Inc.$d1990 215 $a510 p.$cill.$d29 cm 610 0 $aMedicina$aEnciclopedie e dizionari 610 0 $aMdicina$aAnnuari 676 $a610.3$v20$zita 676 $a610.5$v20$zita 801 0$aIT$bUNINA$gREICAT$2UNIMARC 901 $aBK 912 $a9910844696103321 952 $aA MIC 664$b3985/2024$fFAGBC 959 $aFAGBC 996 $a1990 Medical and health annual$94152303 997 $aUNINA